000 00591nam a2200193 4500
999 _c164891
_d164891
005 20190529163736.0
010 _aENG-125382
020 _c650.00
_a9788182204676
035 _aEN-108914
037 _bDBAD/PUB
082 _a658.4080954
100 _aMandal, B.N.
245 _aCorporate social reponsibility in India/
_cby B.N. Mandal
260 _aNew Delhi
_bGlobal Vision publishing house
_c2012
270 _a20, Ansari Road, Daryaganj,
_bNew Delhi
_e110002
300 _aviii,150p
_c22cm(Hb)
500 _aincludes index
942 _2ddc
_cEN
_h658.4080954
_mMAN